000
00291nam a2200121Ia 4500
008
191201s2003 xx 000 0 und d
100
_a
KOUSHIK,C.V
245
0
_a
Chemical Processing of textiles
260
_c
2003
_b
NCUTE-IIT DELHI
300
_a
403
650
_a
B.Tech(TE)
942
_2
ddc
_c
BK
999
_c
6800
_d
6800